Iniciação à Psicologia do Desporto para Atletas (Registo nº 830)

Detalhes MARC
000 -Etiqueta do registo
Cabeçalho 00509 m a2200217 i 4500
005 - Identificador da versão
Campo de controlo 20240813121816.0
021 ## - Número do Depósito Legal
Código do país PT
Número 235093/05
035 ## - Other System Control Numbers
System Control Number 0000897
System Control Number 0000890
System Control Number 0000877
100 ## - Dados gerais de processamento
Dados gerais de processamento 20081013 m y0pory5003 ba
102 ## - Pais de publicação ou produção
País de publicação Coreia, República Democrática Popular da
101 0# - Língua de publicação
Língua do texto, banda sonora, etc. Português
Língua do documento no original Português
215 ## - Descrição física 
Indicação específica da natureza do documento e extensão da espécie 96
200 1# - Titulo e menção de responsabilidade
Título próprio Iniciação à Psicologia do Desporto para Atletas
Primeira menção de responsabilidade António de Paula Brito
205 ## - Menção da edição
Menção da edição 1ª edição
942 ## - Elementos de entrada adicionados (Koha)
Tipo de item no Koha Livro
Exemplares
Situação do levantamento Origin of item (home branch) (coded) Biblioteca de empréstimo Código de barras Cota Circulation type (not for loan) Tipo de documento Nota do exemplar Damaged status
  Biblioteca Escolar Eng. Nuno Mergulhão Biblioteca Escolar Eng. Nuno Mergulhão BENM1537 7DES BRI   Livro Sem mensagem